00457cam a22001217a 4500008004000000082001500040245014600055260005400201300001000255650003400265700001800299700001800317180718b1987 xxu||||| |||| 00| 0 eng d aU6x54 M277 aSickness in industries : causes and cures : with special reference to sickness in public enterprisescedited by Y.S. Mahajan and M.R. Virmani aNew DelhibCentre for Public Sector Studiesc1987 a278p. aGovernment enterprise - India aVirmani, M.R. aMahajan, Y.S.